Joueurs avec plus de 100 buts en LaLiga - Statistiques

Statistiques générales
  • Ce quiz a été pris 319 fois
  • Le résultat moyen est 9 sur 19
Statistiques - réponses
Buts Club principal Buteur % Correct
311 Real Madrid Cristiano Ronaldo
100%
474 FC Barcelone Lionel Messi
100%
203 Atlético de Madrid Antoine Griezmann
97%
238 Real Madrid Karim Benzema
96%
176 FC Barcelone Luis Suárez
87%
167 Celta Vigo Iago Aspas
67%
127 Real Madrid Raúl
64%
185 FC Valencia David Villa
57%
102 Atlético de Madrid Fernando Torres
50%
156 FC Barcelone Samuel Eto'o
46%
158 Athletic Bilbao Aritz Aduriz
34%
128 Atlético de Madrid Diego Forlán
30%
125 Villarreal CF Gerard Moreno
29%
107 Real Madrid Gonzalo Higuaín
23%
114 Girona FC Cristhian Stuani
13%
129 FC Valencia Roberto Soldado
11%
128 Séville FC Álvaro Negredo
10%
111 Athletic Bilbao Raúl García
7%
126 Espanyol Barcelona Raúl Tamudo
2%
Aucun quiz correspondant
Distribution des résultats
% des personnes avec chaque résultat
Percentile par nombre de réponses
Votre historique - résultats
Vous n’avez pas pris ce quiz